Červená pečať (Record no. 20611)
[ view plain ]
| 000 -LEADER | |
|---|---|
| fixed length control field | 01025nam a2200313 a 4500 |
| 001 - CONTROL NUMBER | |
| control field | 20611 |
| 003 - CONTROL NUMBER IDENTIFIER | |
| control field | VRT |
| 005 - DATE AND TIME OF LATEST TRANSACTION | |
| control field | 20260127141858.0 |
| 008 - FIXED-LENGTH DATA ELEMENTS--GENERAL INFORMATION | |
| fixed length control field | 130620s1985 xo 0 slo |
| 015 ## - NATIONAL BIBLIOGRAPHY NUMBER | |
| National bibliography number | SNBA1986/02 |
| 020 ## - INTERNATIONAL STANDARD BOOK NUMBER | |
| Terms of availability | 25 Kčs. (5000 výtl.) |
| 035 ## - SYSTEM CONTROL NUMBER | |
| System control number | SNK000029889 |
| 039 #9 - LEVEL OF BIBLIOGRAPHIC CONTROL AND CODING DETAIL [OBSOLETE] | |
| Level of rules in bibliographic description | 202308030918 |
| Level of effort used to assign nonsubject heading access points | AUTHORITY |
| Level of effort used to assign subject headings | 202204061013 |
| Level of effort used to assign classification | AUTHORITY |
| Level of effort used to assign subject headings | 202204060926 |
| Level of effort used to assign classification | AUTHORITY |
| Level of effort used to assign subject headings | 201306201225 |
| Level of effort used to assign classification | VLOAD |
| 040 ## - CATALOGING SOURCE | |
| Original cataloging agency | SNK |
| Language of cataloging | slo |
| Transcribing agency | SNK |
| Description conventions | AACR2 |
| 041 0# - LANGUAGE CODE | |
| Language code of text/sound track or separate title | slo |
| 044 ## - COUNTRY OF PUBLISHING/PRODUCING ENTITY CODE | |
| MARC country code | xo |
| ISO country code | SK |
| 080 ## - UNIVERSAL DECIMAL CLASSIFICATION NUMBER | |
| Universal Decimal Classification number | 885.0-3 |
| Edition identifier | 1. stred. slo |
| 100 1# - MAIN ENTRY--PERSONAL NAME | |
| Personal name | Beneš, Karel Josef, |
| Dates associated with a name | 1896-1969 |
| 245 1# - TITLE STATEMENT | |
| Title | Červená pečať |
| Statement of responsibility, etc. | Karel J. Beneš ; Jana Rovenská, Vladislav Rostoka |
| 250 ## - EDITION STATEMENT | |
| Edition statement | 1. vyd. |
| 260 ## - PUBLICATION, DISTRIBUTION, ETC. | |
| Place of publication, distribution, etc. | Bratislava |
| Name of publisher, distributor, etc. | Tatran |
| Date of publication, distribution, etc. | 1985 |
| Place of manufacture | Bratislava |
| Manufacturer | Svornosť |
| 300 ## - PHYSICAL DESCRIPTION | |
| Extent | 455 s., 27,45 AH |
| Dimensions | 20 cm |
| 490 0# - SERIES STATEMENT | |
| Series statement | Svetová tvorba |
| Volume/sequential designation | Zv. 173. |
| 500 ## - GENERAL NOTE | |
| General note | Rozlož. ilustr. tit. list. |
| 700 1# - ADDED ENTRY--PERSONAL NAME | |
| Personal name | Rovenská, Jana, |
| Dates associated with a name | 1950- |
| Relationship | trl |
| 700 1# - ADDED ENTRY--PERSONAL NAME | |
| Personal name | Rostoka, Vladislav, |
| Dates associated with a name | 1948- |
| Relationship | gup |
| 942 ## - ADDED ENTRY ELEMENTS (KOHA) | |
| Source of classification or shelving scheme | Dewey Decimal Classification |
| Koha item type | Krásna literatúra pre dospelých |
| Suppress in OPAC | No |
| Stav vyradenia | Strata | Poškodenie | Spôsob nadobudnutia | Domovská knižnica | Aktuálna knižnica | Dátum nadobudnutia | Total checkouts | Čiarový kód exemplára | Date last seen | Typ exemplára |
|---|---|---|---|---|---|---|---|---|---|---|
| Dar | Obecná knižnica Horná Štubňa | Obecná knižnica Horná Štubňa | 27.01.2026 | 4736200713 | 27.01.2026 | Krásna literatúra pre dospelých |
